000 01433nam a22002897a 4500
001 304
003 FISKH
005 20240404142239.0
008 230317b cb ||||| |||| 00| 0 eng d
020 _a9780394800806
040 _aDLC
_cDLC
_dDLC
_dFISKH
_beng
050 0 0 _aPZ8.3.G276
_bId
082 0 0 _a811
100 1 _aGeisel, Theodor
_cDr.
_qTheodor Seuss Geisel
245 1 0 _aIf I ran the circus /
_cby Dr. Seuss.
260 _aNew York :
_bRandom House,
_c1984.
300 _a32 leaves of plates :
_billustrations ;
_c29 cm.
505 _aH
520 _aA young boy imagines the fantastic animals and incredible acts he will have for his greatest of all circuses. Dr. Seuss's classic celebration of youthful imagination! The Circus McGurkus! The World's Greatest Show On the face of the earth, or wherever you go! Young Morris McGurk's has a BIG imagination. He wants to turn the vacant lot behind Sneelock's Store into the Circus McGurkus--the most colossal, stupendous, tremendous show in the world! Here you'll be entertained by bizarre creatures like the Drum-Tummied Snum, the Juggling Jott, and the Harp-Twanging Snarp, and fantastic circus acts performed by Sneelock--a sleepy shop keeper
521 8 _a510
_bLexile
521 8 _aH
_bRaz-Plus
650 1 _aCircus
_xPoetry.
650 1 _aStories in rhyme.
650 1 _aFantasy.
906 _a7
_bcbc
_corignew
_du
_eocip
_f19
_gy-gencatlg
942 _2ddc
_cBK
_n0
999 _c304
_d304